| 000 | 00981nam a2200277 i 4500 | ||
|---|---|---|---|
| 001 | 173563 | ||
| 003 | ES-MaACL | ||
| 005 | 20250927160155.0 | ||
| 008 | 091209s1986 sp |||| |bspa d | ||
| 020 | _a84-249-1049-4 | ||
| 080 | _a929 Alejandro Magno (381) | ||
| 080 | _a94(38)"-0359/-0323" | ||
| 100 | 1 |
_aCurcio Rufo, Quinto. _942203 |
|
| 245 | 1 | 0 |
_aHistoria de Alejandro Magno / _cQuinto Curcio Rufo ; introducción, traducción y notas de Francisco Pejenaute Rubio. |
| 260 |
_aMadrid : _bGredos, _c1986. |
||
| 300 |
_a618 p. ; _c20 cm. |
||
| 490 | 1 |
_aBiblioteca clásica Gredos ; _v96 |
|
| 500 | _aÍndice. | ||
| 504 | _aReferencias bibliográficas. | ||
| 600 | 0 | 4 |
_aAlejandro Magno- _xBiografías. _919704 |
| 651 | 4 |
_aGrecia- _xHistoria- _y359-323 a.C., Expansión macedónica. _9162843 |
|
| 700 | 1 |
_aPejenaute Rubio, Francisco, _d1932- _9162846 |
|
| 830 | 1 |
_aBiblioteca clásica Gredos ; _v96 _9177556 |
|
| 852 | 4 |
_aES-MaACL _jC-57040 |
|
| 999 |
_c173563 _d173563 |
||